| 000 | 00363nam a22001337a 4500 | ||
|---|---|---|---|
| 082 |
_a355.82425 _bPAK |
||
| 100 |
_aPakistan Army _99121 |
||
| 245 |
_aPakistan Army Rifle Association Handbook _cPakistan Army |
||
| 260 |
_aRawalpindi _c1987 |
||
| 300 |
_ap-188 _bill, _c15cm |
||
| 526 |
_a0 _b0 _c0 _d355_824250000000000_PAK |
||
| 650 |
_aMCE _9379 |
||
| 942 |
_2ddc _cBK |
||
| 999 |
_c551977 _d551977 |
||